000 00884nam a2200253 a 4500
001 2316621
003 NUST-PNEC
005 20170116180712.0
008 820611s1981 maua b 001 0 eng
010 _a 81067941
020 _a0890060703
040 _aDLC
_cPNEC
_dDLC
050 0 0 _aTK7876
_b.L37 1981
082 0 0 _a621.38137 LAV
100 1 _aLaverghetta, Thomas S.
245 1 0 _aHandbook of microwave testing /
_cThomas S. Laverghetta.
260 _aDedham, Mass. :
_bArtech,
_cc1981.
300 _a518 p. :
_bill. ;
_c24 cm.
500 _ahttp://www.amazon.com/Handbook-Microwave-Testing-Thomas-Laverghetta/dp/0890060703/ref=sr_1_1?s=books&ie=UTF8&qid=1413264715&sr=1-1&keywords=0890060703
504 _aIncludes bibliographical references and index.
650 0 _aMicrowave measurements.
_xEL
906 _a7
_bcbc
_corignew
_d2
_eopcn
_f19
_gy-gencatlg
942 _2ddc
_cBK
999 _c61000
_d61000